[Event "Ruhrgebiet Verbandsliga Gruppe 1 1718"]
[Site "Germany"]
[Date "2017.09.17"]
[Round "1.3"]
[White "Kremer, Moritz"]
[Black "Wicht, Juergen"]
[Result "1/2-1/2"]
[WhiteElo "1857"]
[BlackElo "2051"]
[PlyCount "74"]
[EventDate "2017.09.17"]
[EventType "team-tourn"]
[EventRounds "9"]
[EventCountry "GER"]
[SourceTitle "EXT 2022"]
[Source "ChessBase"]
[SourceDate "2021.10.06"]
[SourceVersion "1"]
[SourceVersionDate "2021.10.06"]
[SourceQuality "1"]
[WhiteTeam "Muelheim Nord IV"]
[BlackTeam "Annen Sport Union"]
[WhiteTeamCountry "GER"]
[BlackTeamCountry "GER"]

1. Nf3 Nf6 2. g3 g6 3. b3 Bg7 4. Bb2 0-0 5. Bg2 d6 6. d4 Ne4 7. Nbd2 Nxd2 8. Qxd2 c5 9. c4 Nc6 10. d5 Bxb2 11. Qxb2 Qa5+ 12. Nd2 Ne5 13. 0-0 b5 14. cxb5 Qxb5 15. Nf3 Nxf3+ 16. Bxf3 Rb8 17. Rab1 a5 18. e4 Ba6 19. Rfe1 a4 20. Be2 Qa5 21. Bxa6 Qxa6 22. Qc3 Rb4 23. Rbd1 axb3 24. axb3 Rfb8 25. Rd3 Qa2 26. Ree3 Ra8 27. e5 Qb1+ 28. Re1 Qa2 29. exd6 exd6 30. Qf6 Rxb3 31. Rxb3 Qxb3 32. Qxd6 Qc3 33. Qe7 Kg7 34. d6 Ra7 35. Qe5+ Qxe5 36. Rxe5 Ra1+ 37. Kg2 Rd1 1/2-1/2

[Event "Dortmund Sparkassen op-A 44th"]
[Site "Dortmund"]
[Date "2016.07.14"]
[Round "6"]
[White "Wicht, Juergen"]
[Black "Savchenko, Daniel"]
[Result "1/2-1/2"]
[WhiteElo "2221"]
[BlackElo "1942"]
[PlyCount "61"]
[EventDate "2016.07.09"]
[EventType "swiss"]
[EventRounds "9"]
[EventCountry "GER"]
[SourceTitle "CBM 173 Extra"]
[Source "ChessBase"]
[SourceDate "2016.08.29"]
[SourceVersion "1"]
[SourceVersionDate "2016.08.29"]
[SourceQuality "1"]

1. d4 d5 2. Nf3 e6 3. c4 Nf6 4. Nc3 Nbd7 5. cxd5 exd5 6. Bg5 Be7 7. e3 c6 8. Qc2 Nh5 9. Bxe7 Qxe7 10. Bd3 g6 11. 0-0 0-0 12. Rab1 Ng7 13. b4 a6 14. a4 Nf6 15. b5 axb5 16. axb5 Bf5 17. Bxf5 Nxf5 18. bxc6 bxc6 19. Na4 Rac8 20. Nc5 Rc7 21. Ne5 Ra8 22. Ra1 Qe8 23. Ra4 Nd6 24. Rfa1 Rxa4 25. Qxa4 Kg7 26. Qa8 Rc8 27. Qa7 Nb5 28. Qb7 Nd6 29. Qb6 Ng8 30. h3 Nb5 31. Qb7 1/2-1/2

[Event "NRW Class2 1011"]
[Site "Germany"]
[Date "2011.01.30"]
[Round "6.6"]
[White "Wicht, Juergen"]
[Black "Schatzschneider, Immo"]
[Result "1-0"]
[WhiteElo "2149"]
[BlackElo "2103"]
[PlyCount "63"]
[EventDate "2010.09.26"]
[EventType "team-tourn"]
[EventRounds "9"]
[EventCountry "GER"]
[SourceTitle "EXT 2012"]
[Source "ChessBase"]
[SourceDate "2011.11.24"]
[SourceVersion "1"]
[SourceVersionDate "2011.11.24"]
[SourceQuality "1"]
[WhiteTeam "Elberfeld"]
[BlackTeam "Mettmann Sport"]
[WhiteTeamCountry "GER"]
[BlackTeamCountry "GER"]

1. d4 Nf6 2. c4 e6 3. Nf3 c5 4. d5 exd5 5. cxd5 d6 6. Nc3 g6 7. e4 Bg7 8. h3 0-0 9. Be3 b6 10. Nd2 Re8 11. Qc2 Na6 12. Bb5 Re7 13. 0-0 Nc7 14. Bc6 Rb8 15. a4 a6 16. f4 Bb7 17. Bxb7 Rxb7 18. Nc4 Nfe8 19. Rad1 Rd7 20. Qf2 f6 21. Qf3 Na8 22. e5 fxe5 23. fxe5 Rf7 24. Qe4 dxe5 25. Rxf7 Rxf7 26. d6 Nf6 27. Qc6 Nd7 28. Nd5 Bf8 29. Ne7+ Kg7 30. Bg5 Nf6 31. Nxe5 Rxe7 32. Bxf6+ 1-0

[Event "NRW Class2 1011"]
[Site "Germany"]
[Date "2010.10.24"]
[Round "2.7"]
[White "Mews, Bernhard"]
[Black "Wicht, Juergen"]
[Result "0-1"]
[WhiteElo "2087"]
[BlackElo "2149"]
[PlyCount "136"]
[EventDate "2010.09.26"]
[EventType "team-tourn"]
[EventRounds "9"]
[EventCountry "GER"]
[SourceTitle "EXT 2012"]
[Source "ChessBase"]
[SourceDate "2011.11.24"]
[SourceVersion "1"]
[SourceVersionDate "2011.11.24"]
[SourceQuality "1"]
[WhiteTeam "Koeln Lasker"]
[BlackTeam "Elberfeld"]
[WhiteTeamCountry "GER"]
[BlackTeamCountry "GER"]

1. e4 d6 2. d4 Nf6 3. Nc3 e5 4. Nf3 exd4 5. Nxd4 Be7 6. Bf4 0-0 7. Qd2 a6 8. 0-0-0 b5 9. f3 Nh5 10. Be3 c5 11. Nf5 Bxf5 12. exf5 Nf6 13. g4 b4 14. Nd5 Nxd5 15. Qxd5 Nd7 16. Qd2 Nb6 17. g5 d5 18. f6 Bd6 19. h4 Qc7 20. Qf2 Rfe8 21. Kb1 d4 22. Bc1 Bg3 23. Qg2 Bf4 24. h5 Bxc1 25. Rxc1 c4 26. g6 h6 27. Rg1 Ra7 28. Qd2 Qd6 29. Re1 Rxe1+ 30. Qxe1 Qc6 31. Bh3 fxg6 32. Rxg6 Qxf3 33. Qe6+ Kh7 34. Rg1 Qe3 35. Bf5+ Kh8 36. Qxe3 dxe3 37. Re1 gxf6 38. Rxe3 Nd5 39. Re8+ Kg7 40. Kc1 Re7 41. Rxe7+ Nxe7 42. Be6 f5 43. Bxc4 a5 44. Kd2 Kf6 45. Ke3 Ke5 46. c3 bxc3 47. bxc3 f4+ 48. Kf3 Nf5 49. Bf7 Nd6 50. Bg8 Ne4 51. c4 Nc5 52. Bf7 a4 53. Bd5 a3 54. Bc6 Nb3 55. Bb5 Nd4+ 56. Kf2 Ke4 57. Be8 Ne6 58. Bg6+ Ke5 59. Kf3 Ng5+ 60. Ke2 Kd4 61. Bd3 Nf7 62. Bh7 Ne5 63. Bg8 Kc5 64. Bd5 Nxc4 65. Bg8 Ne5 66. Kd2 Kd4 67. Be6 f3 68. Bf5 Nc4+ 0-1

[Event "Leverkusen-ch op"]
[Site "Leverkusen"]
[Date "2010.04.26"]
[Round "7"]
[White "Sockel, Karl Heinz"]
[Black "Wicht, Juergen"]
[Result "1/2-1/2"]
[WhiteElo "1922"]
[BlackElo "2147"]
[PlyCount "35"]
[EventDate "2010.01.18"]
[EventType "swiss"]
[EventRounds "7"]
[EventCountry "GER"]
[SourceTitle "EXT 2011"]
[Source "ChessBase"]
[SourceDate "2010.11.26"]
[SourceVersion "1"]
[SourceVersionDate "2010.11.26"]
[SourceQuality "1"]

1. c4 c5 2. Nc3 b6 3. e4 Bb7 4. g3 e6 5. Bg2 Be7 6. Nge2 d6 7. d3 a6 8. Be3 Qc7 9. Qd2 Nd7 10. a3 Ngf6 11. h3 Rc8 12. 0-0 Qb8 13. f4 Qa8 14. f5 d5 15. fxe6 fxe6 16. Bg5 d4 17. Nd1 a5 18. Bxf6 1/2-1/2

[Event "Oberliga NRW 0809"]
[Site "Germany"]
[Date "2009.02.01"]
[Round "6.8"]
[White "Wicht, Juergen"]
[Black "Horn, Stefan"]
[Result "1/2-1/2"]
[WhiteElo "2142"]
[BlackElo "2111"]
[PlyCount "40"]
[EventDate "2008.09.21"]
[EventType "team-tourn"]
[EventRounds "9"]
[EventCountry "GER"]
[SourceTitle "EXT 2010"]
[Source "ChessBase"]
[SourceDate "2010.11.25"]
[SourceVersion "1"]
[SourceVersionDate "2010.11.25"]
[SourceQuality "1"]
[WhiteTeam "Elberfeld"]
[BlackTeam "Duisburg"]
[WhiteTeamCountry "GER"]
[BlackTeamCountry "GER"]

1. d4 Nf6 2. c4 c5 3. d5 e5 4. Nc3 d6 5. e4 Be7 6. Bd3 0-0 7. h3 Na6 8. Nf3 Nc7 9. 0-0 a6 10. Qe2 Rb8 11. Nh2 Bd7 12. Nd1 Nfe8 13. Ne3 Bg5 14. Nf3 Bf4 15. Nf5 Bxc1 16. Raxc1 g6 17. Ne3 f5 18. exf5 gxf5 19. Bb1 Qf6 20. Nh2 Ng7 1/2-1/2

[Event "Oberliga NRW 0809"]
[Site "Germany"]
[Date "2008.11.09"]
[Round "3.8"]
[White "Dahlmann, Dirk"]
[Black "Wicht, Juergen"]
[Result "0-1"]
[WhiteElo "2229"]
[BlackElo "2142"]
[PlyCount "56"]
[EventDate "2008.09.21"]
[EventType "team-tourn"]
[EventRounds "9"]
[EventCountry "GER"]
[SourceTitle "EXT 2010"]
[Source "ChessBase"]
[SourceDate "2010.11.25"]
[SourceVersion "1"]
[SourceVersionDate "2010.11.25"]
[SourceQuality "1"]
[WhiteTeam "Bochum"]
[BlackTeam "Elberfeld"]
[WhiteTeamCountry "GER"]
[BlackTeamCountry "GER"]

1. Nf3 Nf6 2. g3 b6 3. c4 Bb7 4. Bg2 e6 5. 0-0 c5 6. Nc3 Be7 7. Re1 Ne4 8. Nxe4 Bxe4 9. d3 Bc6 10. e4 d6 11. d4 cxd4 12. Nxd4 Bb7 13. b3 0-0 14. Bb2 Nd7 15. f4 a6 16. a4 Qc7 17. Ba3 Rfe8 18. Bb4 Bf8 19. a5 d5 20. Bxf8 Nxf8 21. cxd5 bxa5 22. dxe6 Red8 23. exf7+ Kh8 24. f5 Qb6 25. Ra4 Bc6 26. e5 Bxa4 27. Bxa8 Rxd4 28. Qf3 Rd1+ 0-1

[Event "Oberliga NRW 0809"]
[Site "Germany"]
[Date "2008.09.21"]
[Round "1.7"]
[White "Wicht, Juergen"]
[Black "Gutowski, Andre"]
[Result "1/2-1/2"]
[WhiteElo "2142"]
[BlackElo "2168"]
[PlyCount "75"]
[EventDate "2008.09.21"]
[EventType "team-tourn"]
[EventRounds "9"]
[EventCountry "GER"]
[SourceTitle "EXT 2010"]
[Source "ChessBase"]
[SourceDate "2010.11.25"]
[SourceVersion "1"]
[SourceVersionDate "2010.11.25"]
[SourceQuality "1"]
[WhiteTeam "Elberfeld"]
[BlackTeam "Nord II"]
[WhiteTeamCountry "GER"]
[BlackTeamCountry "GER"]

1. d4 e6 2. c4 Bb4+ 3. Nc3 b6 4. a3 Bxc3+ 5. bxc3 Bb7 6. f3 f5 7. Nh3 Nf6 8. Nf2 0-0 9. e3 d6 10. Bd3 Nc6 11. 0-0 Qd7 12. Qc2 Na5 13. d5 exd5 14. Bxf5 Qe8 15. cxd5 Bxd5 16. Rb1 Qf7 17. Bd3 Nb3 18. Bb2 Nc5 19. c4 Nxd3 20. Bxf6 Bxc4 21. Ba1 Nxf2 22. Rxf2 c5 23. Qc3 Rad8 24. Rd1 d5 25. f4 Rd7 26. Rc1 Ba6 27. Rf3 Bb7 28. Rg3 d4 29. Qc2 Qf5 30. Qxf5 Rxf5 31. exd4 cxd4 32. Rd1 Rxf4 33. Rgd3 Re4 34. Rxd4 Rdxd4 35. Bxd4 Re2 36. Bf2 Kf7 37. Rd7+ Re7 38. Rd2 1/2-1/2

[Event "NRW Class1 0708"]
[Site "Germany"]
[Date "2008.02.10"]
[Round "6.5"]
[White "Beckmann, Klaus"]
[Black "Wicht, Juergen"]
[Result "1/2-1/2"]
[WhiteElo "2131"]
[BlackElo "2155"]
[PlyCount "31"]
[EventDate "2007.09.16"]
[EventType "team"]
[EventRounds "9"]
[EventCountry "GER"]
[SourceTitle "EXT 2009"]
[Source "ChessBase"]
[SourceDate "2008.11.26"]
[SourceVersion "1"]
[SourceVersionDate "2008.11.26"]
[SourceQuality "1"]
[WhiteTeam "Neuenkirchen"]
[BlackTeam "Elberfeld"]
[WhiteTeamCountry "GER"]
[BlackTeamCountry "GER"]

1. e4 d6 2. d4 Nf6 3. Nc3 g6 4. f4 Bg7 5. Nf3 c5 6. dxc5 Qa5 7. Bd3 Qxc5 8. Qe2 0-0 9. Be3 Qa5 10. 0-0 Bg4 11. Kh1 Nc6 12. Qe1 Bxf3 13. Rxf3 e6 14. a3 Qd8 15. Rd1 Qe7 16. Bf1 1/2-1/2

[Event "NRW Class1 0708"]
[Site "Germany"]
[Date "2007.12.09"]
[Round "4.5"]
[White "Wicht, Juergen"]
[Black "Savchenko, Aleksij"]
[Result "1/2-1/2"]
[WhiteElo "2155"]
[BlackElo "2099"]
[PlyCount "30"]
[EventDate "2007.09.16"]
[EventType "team"]
[EventRounds "9"]
[EventCountry "GER"]
[SourceTitle "EXT 2009"]
[Source "ChessBase"]
[SourceDate "2008.11.26"]
[SourceVersion "1"]
[SourceVersionDate "2008.11.26"]
[SourceQuality "1"]
[WhiteTeam "Elberfeld"]
[BlackTeam "Koeln Porz II"]
[WhiteTeamCountry "GER"]
[BlackTeamCountry "GER"]

1. d4 Nf6 2. c4 e6 3. Nc3 Bb4 4. f3 d5 5. a3 Bxc3+ 6. bxc3 c6 7. e3 Nbd7 8. cxd5 cxd5 9. Bd3 Qc7 10. Ne2 0-0 11. 0-0 Qc6 12. Qb3 Nb6 13. a4 Bd7 14. a5 Nc4 15. Bxc4 dxc4 1/2-1/2